LEADER 01113cam0-22003731i-450- 001 990006331450403321 005 20050906124354.0 010 $a88-14-05470-3 035 $a000633145 035 $aFED01000633145 035 $a(Aleph)000633145FED01 035 $a000633145 100 $a20000112d1995----km-y0itay50------ba 101 0 $aita 102 $aIT 105 $ay-------001yy 200 1 $aAgenti e rappresentanti di commercio$easpetti civilistici, contrattuali, amministrativi, previdenziali, contabili e fiscali; formulario, esemplificazioni$fSalvatore Dammacco 205 $a2. ed. 210 $aMilano$cGiuffrè$d1995 215 $aVIII, 401 p.$d24 cm 225 1 $aCosa & come$iProfessioni 676 $a346.07$v11$zita 676 $a344 700 1$aDammacco,$bSalvatore$0117177 801 0$aIT$bUNINA$gRICA$2UNIMARC 901 $aBK 912 $a990006331450403321 952 $aH 207$fDSS 952 $aVIII F 941$b32839*$fFGBC 952 $aA-VI-43$bsc. lav.$fDDRC 959 $aDDRC 959 $aFGBC 996 $aAgenti e rappresentanti di commercio$9656059 997 $aUNINA LEADER 01303nam0-2200289 --450 001 9910448758303321 005 20210430121444.0 010 $a978-88-6611-865-7 100 $a20210430d2019----kmuy0itay5050 ba 101 0 $aita 102 $aIT 105 $a 001yy 200 1 $a<>restrizione della libertà personale dei parlamentari$edai presupposti costituzionali all'interpretazione delle Camere$fElisa Tira 210 $aBari$cCacucci$d2019 215 $aXI, 177 p.$d24 cm 225 1 $aStudi di diritto pubblico. Nuova serie$v8 330 $aOggetto della presente trattazione è l'illustrazione del sistema delle "immunità processuali" (o inviolabilità) dei membri delle Camere, istituti che appartengono alle prerogative costituzionali poste a garanzia dell'indipendenza della funzione parlamentare, aventi natura derogatoria rispetto al diritto comune e nei confronti della generale ripartizione dei poteri e delle competenze. 610 0 $aImmunità parlamentare$aItalia 676 $a342.45055$v23 700 1$aTira,$bElisa$0793059 801 0$aIT$bUNINA$gREICAT$2UNIMARC 901 $aBK 912 $a9910448758303321 952 $aVIII C 134$b652 cos$fDDCIC 959 $aDDCIC 996 $aRestrizione della libertà personale dei parlamentari$91773544 997 $aUNINA